| 000 | 01209nam a2200241 i 4500 | ||
|---|---|---|---|
| 001 | 182599 | ||
| 003 | ES-MaACL | ||
| 005 | 20240514173353.0 | ||
| 008 | 131001e1871 sp |||| | spa d | ||
| 080 | _a908(599) | ||
| 100 | 0 |
_aFulgosio, Fernando. _952994 |
|
| 245 | 1 | 0 |
_aCrónica de las islas Filipinas / _cpor Fernando Fulgosio. |
| 260 |
_aMadrid : _bRubio, Grilo y Vitturi, _c1871. |
||
| 300 |
_aVI, 133 p., [5] h. de lám., [2] h. de mapas : _bil. ; _c32 cm. |
||
| 490 | 1 | _aCrónica general de España, o sea historia ilustrada y descriptiva de sus provincias, sus poblaciones más importantes de la península y de ultramar | |
| 530 | _aDisponible también en sitio web. | ||
| 651 | 4 |
_aFilipinas- _xDescripción. _98657 |
|
| 651 | 4 |
_aFilipinas- _xHistoria. _98658 |
|
| 830 | 0 |
_aCrónica general de España, o sea Historia ilustrada y descriptiva de sus provincias, sus poblaciones más importantes de la península y posesiones de Ultramar _9224862 |
|
| 852 |
_aES-MaACL _jC-1578(2) _z.- Encuadernado con otras obras |
||
| 856 | 4 | 1 |
_uhttp://bibliotecadigitalhispanica.bne.es:80/webclient/DeliveryManager?pid=1883692&custom_att_2=simple_viewer _zIr a la página |
| 999 |
_c182599 _d182599 |
||